| 000 | 00828 a2200169 4500 | ||
|---|---|---|---|
| 020 | _a0071135898 (hardcover) | ||
| 020 | _a9780071135894 (hardcover) | ||
| 090 |
_c4402 _d4402 |
||
| 100 | 1 | _aPoe, Roy W. | |
| 245 | 1 | 4 |
_aThe mcgraw-hill handbook of business letters / _cRoy W. Poe. |
| 250 | _a3rd ed. | ||
| 260 |
_a[S.l.] : _bMcGraw-Hill Professional, _c1994. |
||
| 300 |
_a1 v. (unpaged) ; _c24 cm. |
||
| 520 | _aA guide to the fundamentals of a business and personal writing style. Key rules of grammar are reviewed to facilitate correct structure, spelling and punctuation. Basic letter elements and formats are then described, and extensive examples of good and bad writing styles are provided. | ||
| 856 | 4 | 0 |
_3Amazon.com _uhttp://www.amazon.com/exec/obidos/ASIN/0071135898/chopaconline-20 |
| 942 |
_aNBS _cBK _k808.066651 POE |
||
| 999 |
_c346847 _d346847 |
||